Building codes illustrated (Record no. 181707)
[ view plain ]
| 000 -LEADER | |
|---|---|
| fixed length control field | 02083nam a2200373 a 4500 |
| 082 04 - DEWEY DECIMAL CLASSIFICATION NUMBER | |
| Classification number | 690.02/18 |
| 100 1# - MAIN ENTRY--AUTHOR NAME | |
| Personal name | Ching, Frank, |
| 245 10 - TITLE STATEMENT | |
| Title | Building codes illustrated |
| 250 ## - EDITION STATEMENT | |
| Edition statement | 4th ed. |
| 260 ## - PUBLICATION, DISTRIBUTION, ETC. (IMPRINT) | |
| Place of publication | Hoboken, N.J. : |
| Name of publisher | Wiley, |
| Year of publication | 2012. |
| 300 ## - PHYSICAL DESCRIPTION | |
| Number of Pages | xiv, 434 p. : |
| Other physical details | ill. |
| 490 0# - SERIES STATEMENT | |
| Series statement | Building codes illustrated ; |
| 520 ## - SUMMARY, ETC. | |
| Summary, etc | "An easy-to-use, updated illustrated guide to the 2012 edition of the International Building CodeThis unique reference to the 2012 International Building Code marries the graphic skills of bestselling author Frank Ching with the code expertise of Steven Winkel, FAIA. It pulls out the portions of the building code that are most relevant for the architect and provides an easy-to-understand interpretation in both words and illustrations. Rather than a text-heavy book, this is much more conducive to quick comprehension of the code, presenting information in an exciting user-friendly visual format"-- |
| 650 #0 - SUBJECT ADDED ENTRY--TOPICAL TERM | |
| Topical Term | Standards, Engineering. |
| Topical Term | Buildings |
| 700 1# - ADDED ENTRY--PERSONAL NAME | |
| Personal name | Winkel, Steven R. |
| 856 40 - ELECTRONIC LOCATION AND ACCESS | |
| Uniform Resource Identifier | http://site.ebrary.com/lib/rucke/Doc?id=10575567 |
| 520 ## - SUMMARY, ETC. | |
| -- | Provided by publisher. |
No items available.
